[Event "London Classic op U1825 11th"]
[Site "London"]
[Date "2019.11.29"]
[Round "1"]
[White "Finnegan, Oliver"]
[Black "Daly, Grant"]
[Result "1/2-1/2"]
[WhiteElo "1695"]
[BlackElo "1496"]
[PlyCount "87"]
[EventDate "2019.11.29"]
[EventType "swiss"]
[EventRounds "5"]
[EventCountry "ENG"]
[SourceTitle "CBM 195 Extra"]
[Source "ChessBase"]
[SourceDate "2020.05.31"]
[SourceVersion "1"]
[SourceVersionDate "2020.05.31"]
[SourceQuality "1"]

1. d4 Nf6 2. Nc3 e6 3. Bf4 a6 4. e3 d5 5. Bd3 Bd6 6. Nf3 0-0 7. Ne5 c5 8. dxc5 Bxc5 9. 0-0 Nc6 10. Qf3 Bd6 11. Nxc6 bxc6 12. Bg5 Be7 13. e4 h6 14. Bf4 Nd7 15. Rfe1 e5 16. exd5 exf4 17. dxc6 Nf6 18. Qxf4 Bd6 19. Qh4 Qc7 20. Ne4 Be7 21. Ng3 Be6 22. Qa4 Bd6 23. Be2 Bxg3 24. hxg3 Bd5 25. Qh4 Qxc6 26. f3 Rfe8 27. Bd3 Rxe1+ 28. Rxe1 Re8 29. Rxe8+ Nxe8 30. Qd8 Kf8 31. b3 Qc5+ 32. Kf1 Bb7 33. c4 Qc7 34. Qh4 Qd6 35. Be2 Qf6 36. Qh5 Qa1+ 37. Kf2 Qxa2 38. Qc5+ Kg8 39. Qe7 Bc6 40. Qc5 Bd7 41. Qd4 Bc6 42. Qc5 Bd7 43. Qd4 Bc6 44. Qc5 1/2-1/2

[Event "London Classic U1600 op 10th"]
[Site "London"]
[Date "2018.12.15"]
[Round "2"]
[White "Daly, Grant"]
[Black "Sankar, Deekshitha"]
[Result "1-0"]
[WhiteElo "1496"]
[BlackElo "1323"]
[PlyCount "113"]
[EventDate "2018.12.14"]
[EventType "swiss"]
[EventRounds "5"]
[EventCountry "ENG"]
[SourceTitle "CBM 187 Extra"]
[Source "ChessBase"]
[SourceDate "2018.11.04"]
[SourceVersion "1"]
[SourceVersionDate "2018.11.04"]
[SourceQuality "1"]

1. d4 d5 2. c4 c6 3. Nc3 Nf6 4. Nf3 Bf5 5. e3 Nbd7 6. cxd5 cxd5 7. Qb3 Qb6 8. Nxd5 Qxb3 9. Nxf6+ gxf6 10. axb3 e5 11. Bd2 Bd6 12. Bc4 0-0 13. Nh4 Bg6 14. Bc3 Nb6 15. Nxg6 hxg6 16. 0-0 Nxc4 17. bxc4 b6 18. Rfd1 a5 19. h3 Rfc8 20. dxe5 Bxe5 21. Bxe5 fxe5 22. Rac1 a4 23. Rd5 a3 24. bxa3 Rxa3 25. Rxe5 Ra4 26. Rb5 Rc6 27. Kf1 Kg7 28. Ke2 Ra2+ 29. Kf3 Rf6+ 30. Kg3 Raxf2 31. Rxb6 Rf1 32. Rxf1 Rxf1 33. Rc6 Rc1 34. Kf3 Kh6 35. c5 Kg5 36. Rc8 Rc3 37. c6 Kf6 38. c7 Ke7 39. Kf4 Kd7 40. Rf8 Kxc7 41. Rxf7+ Kd8 42. Rf6 Rc2 43. Rxg6 Rf2+ 44. Ke4 Rf1 45. h4 Ke8 46. h5 Kf7 47. Rg3 Rh1 48. Rh3 Rxh3 49. gxh3 Kg7 50. Kf5 Kh6 51. Kg4 Kh7 52. e4 Kg8 53. e5 Kf8 54. h6 Kg8 55. e6 Kf8 56. h7 Kg7 57. e7 1-0

[Event "GBR-ch U1750 op 105th"]
[Site "Hull"]
[Date "2018.07.31"]
[Round "2"]
[White "Daly, Grant"]
[Black "Perkins, Peter T"]
[Result "0-1"]
[WhiteElo "1509"]
[BlackElo "1637"]
[PlyCount "68"]
[EventDate "2018.07.30"]
[EventType "swiss"]
[EventRounds "5"]
[EventCountry "ENG"]
[SourceTitle "EXT 2021"]
[Source "ChessBase"]
[SourceDate "2020.10.23"]
[SourceVersion "1"]
[SourceVersionDate "2020.10.23"]
[SourceQuality "1"]

1. d4 g6 2. c4 Bg7 3. Nf3 e6 4. Nc3 b6 5. Bg5 f6 6. Bf4 Ne7 7. e3 Bb7 8. Bd3 0-0 9. 0-0 d6 10. Re1 e5 11. dxe5 dxe5 12. Bg3 Nd7 13. Be2 Nf5 14. h3 Bh6 15. Bh2 Nd6 16. b3 Ne4 17. Qc2 Nxc3 18. Qxc3 Qe7 19. Rad1 Rad8 20. Qc2 Nc5 21. Nd2 e4 22. Nb1 Nd3 23. Rf1 f5 24. Nc3 Nb4 25. Qb1 f4 26. exf4 Bxf4 27. Rxd8 Bxh2+ 28. Kxh2 Rxd8 29. Kg1 Nd3 30. Rd1 Nc5 31. Rxd8+ Qxd8 32. b4 Nd3 33. f3 Qd4+ 34. Kf1 Qf2# 0-1

[Event "GBR-ch U1750 op 104th"]
[Site "Llandudno"]
[Date "2017.08.01"]
[Round "2"]
[White "Tarbuck, Laurence Jm"]
[Black "Daly, Grant"]
[Result "1-0"]
[WhiteElo "1735"]
[BlackElo "1549"]
[PlyCount "97"]
[EventDate "2017.07.31"]
[EventType "swiss"]
[EventRounds "5"]
[EventCountry "WLS"]
[SourceTitle "EXT 2019"]
[Source "ChessBase"]
[SourceDate "2018.10.10"]
[SourceVersion "1"]
[SourceVersionDate "2018.10.10"]
[SourceQuality "1"]

1. d4 Nf6 2. c4 e6 3. Nf3 g6 4. Nc3 Bg7 5. e4 d6 6. h3 0-0 7. Be3 b6 8. Be2 Bb7 9. Qc2 c5 10. Rd1 cxd4 11. Nxd4 Qe7 12. 0-0 Nc6 13. a3 Rac8 14. Nxc6 Bxc6 15. Bg5 Rfd8 16. Qd2 Qb7 17. Qf4 Nxe4 18. Nxe4 Bxe4 19. f3 Bf5 20. Bxd8 Rxd8 21. Rd2 e5 22. Qe3 Qe7 23. Rfd1 Bf6 24. f4 Bg7 25. g4 Bc8 26. b4 Bb7 27. c5 bxc5 28. bxc5 d5 29. Bf3 e4 30. Bxe4 d4 31. Qd3 Qxe4 32. Qxe4 Bxe4 33. Re1 Bc6 34. Re7 Rd7 35. Re8+ Bf8 36. Rc8 Ba4 37. c6 Rd6 38. c7 Rc6 39. Rxd4 Rc1+ 40. Kf2 Kg7 41. Rxa4 Bc5+ 42. Ke2 Bb6 43. Kd2 Rc5 44. Kd3 Kf6 45. Rc4 Rd5+ 46. Ke4 Rd7 47. g5+ Kg7 48. Rg8+ Kxg8 49. c8Q+ 1-0

[Event "London Classic op U1600 8th"]
[Site "London"]
[Date "2016.12.11"]
[Round "5"]
[White "Tye, Jack"]
[Black "Daly, Grant"]
[Result "1/2-1/2"]
[WhiteElo "1360"]
[BlackElo "1575"]
[PlyCount "109"]
[EventDate "2016.12.09"]
[EventType "swiss"]
[EventRounds "5"]
[EventCountry "ENG"]
[SourceTitle "EXT 2019"]
[Source "ChessBase"]
[SourceDate "2018.10.10"]
[SourceVersion "1"]
[SourceVersionDate "2018.10.10"]
[SourceQuality "1"]

1. e4 c5 2. c3 d6 3. Nf3 Nf6 4. Qc2 Nc6 5. d4 cxd4 6. cxd4 e6 7. Bb5 Bd7 8. Bf4 Qa5+ 9. Nc3 Nb4 10. Bxd7+ Nxd7 11. Qd2 Rc8 12. d5 e5 13. Be3 Qa6 14. Rd1 Qc4 15. a3 Na6 16. Ne2 Nac5 17. Rc1 Nd3+ 18. Qxd3 Qxd3 19. Rxc8+ Ke7 20. Rc7 a6 21. Nd2 Qb5 22. b4 Kd8 23. Rc3 a5 24. bxa5 Qxa5 25. 0-0 h6 26. Rfc1 Nc5 27. Nb3 Nxb3 28. Rxb3 Qa8 29. Ng3 g6 30. Rcb1 Ke7 31. f4 Bg7 32. f5 Rb8 33. Rc3 Rc8 34. Rcb3 Rc7 35. h3 Qc8 36. a4 Kf6 37. Rb6 Bf8 38. Kh2 Kg7 39. Rf1 Rc3 40. Bd2 Rc2 41. Be3 h5 42. Bg5 Ra2 43. Rfb1 Rxa4 44. Rxb7 Ra8 45. f6+ Kg8 46. h4 Ra3 47. Rb8 Qc3 48. Bh6 Qxg3+ 49. Kg1 Kh7 50. Rxf8 Qd3 51. Rc1 Rc3 52. Rxc3 Qxc3 53. Bg7 Qe1+ 54. Kh2 Qxh4+ 55. Kg1 1/2-1/2

[Event "London Classic op U1600 8th"]
[Site "London"]
[Date "2016.12.10"]
[Round "2"]
[White "Daly, Grant"]
[Black "Smith, Michael J"]
[Result "1-0"]
[WhiteElo "1575"]
[BlackElo "1322"]
[PlyCount "87"]
[EventDate "2016.12.09"]
[EventType "swiss"]
[EventRounds "5"]
[EventCountry "ENG"]
[SourceTitle "EXT 2019"]
[Source "ChessBase"]
[SourceDate "2018.10.10"]
[SourceVersion "1"]
[SourceVersionDate "2018.10.10"]
[SourceQuality "1"]

1. d4 d5 2. c4 e6 3. Nc3 c6 4. Nf3 Nd7 5. cxd5 cxd5 6. Bf4 Ngf6 7. e3 Bb4 8. Bd3 Bxc3+ 9. bxc3 Ne4 10. Bxe4 dxe4 11. Nd2 f5 12. Qh5+ g6 13. Qd1 0-0 14. h4 Qe7 15. Nc4 Qf6 16. Bh6 Re8 17. Nd6 Rf8 18. Bxf8 Qxf8 19. Nc4 b5 20. Nd2 Nf6 21. 0-0 Bd7 22. f3 Qh6 23. Qe1 Nd5 24. f4 Nxc3 25. Nb3 Na4 26. Nc5 Nxc5 27. dxc5 Bc6 28. Qg3 Rd8 29. Rfd1 Rd5 30. Rac1 Qf8 31. Rxd5 exd5 32. h5 Kg7 33. Qg5 Qf6 34. h6+ Kf7 35. Qxf6+ Kxf6 36. Kf2 a5 37. a3 a4 38. Rg1 g5 39. Rh1 gxf4 40. exf4 d4 41. Rg1 Kg6 42. g4 fxg4 43. Rxg4+ Kxh6 44. f5 1-0

[Event "London Classic op U1600 8th"]
[Site "London"]
[Date "2016.12.09"]
[Round "1"]
[White "McCormack, Daniel"]
[Black "Daly, Grant"]
[Result "0-1"]
[WhiteElo "1285"]
[BlackElo "1575"]
[PlyCount "83"]
[EventDate "2016.12.09"]
[EventType "swiss"]
[EventRounds "5"]
[EventCountry "ENG"]
[SourceTitle "EXT 2019"]
[Source "ChessBase"]
[SourceDate "2018.10.10"]
[SourceVersion "1"]
[SourceVersionDate "2018.10.10"]
[SourceQuality "1"]

1. e4 c5 2. Nf3 d6 3. Bc4 e6 4. c3 Nf6 5. d3 Nc6 6. Bg5 Be7 7. 0-0 0-0 8. Re1 Re8 9. Nbd2 a6 10. a4 h6 11. Bh4 Nd7 12. Bg3 Nb6 13. Bb3 d5 14. e5 Nd7 15. d4 cxd4 16. cxd4 Qb6 17. Nb1 f6 18. Qd3 fxe5 19. Qg6 Rf8 20. Bc2 Rf6 21. Qh7+ Kf7 22. dxe5 Nf8 23. Ng5+ hxg5 24. exf6 Nxh7 25. fxe7 Nf6 26. Bd6 Nd4 27. Bd3 Qxd6 28. Nc3 Ng4 29. Bg6+ Kxe7 30. g3 Nf3+ 31. Kg2 Nxe1+ 32. Rxe1 Ne5 33. Bh5 g6 34. Bd1 d4 35. Ne4 Qb4 36. Re2 g4 37. Ng5 Qc5 38. Rc2 Qd5+ 39. Kg1 Nf3+ 40. Bxf3 gxf3 41. Rc7+ Kd6 42. Rc1 0-1

[Event "London Classic CSC U120 op 7th"]
[Site "London"]
[Date "2015.12.05"]
[Round "2"]
[White "Daly, Grant"]
[Black "Ramaiya, Arushi"]
[Result "0-1"]
[WhiteElo "104"]
[BlackElo "1543"]
[PlyCount "84"]
[EventDate "2015.12.04"]
[EventType "swiss"]
[EventRounds "5"]
[EventCountry "ENG"]
[SourceTitle "CBM 169 Extra"]
[Source "ChessBase"]
[SourceDate "2015.12.18"]
[SourceVersion "1"]
[SourceVersionDate "2015.12.18"]
[SourceQuality "1"]

1. d4 Nf6 2. c4 e6 3. Nc3 Bb4 4. Qc2 b6 5. Bg5 Bb7 6. a3 Bxc3+ 7. Qxc3 h6 8. Bh4 d6 9. Nf3 g5 10. Bg3 Ne4 11. Qc2 h5 12. h3 Nxg3 13. fxg3 Qf6 14. e4 g4 15. e5 Qg7 16. hxg4 hxg4 17. Rxh8+ Qxh8 18. Nh4 dxe5 19. d5 Qh6 20. dxe6 Qxe6 21. 0-0-0 Nd7 22. b3 0-0-0 23. Qf5 Qh6+ 24. Kb2 Qe3 25. Qxg4 Be4 26. Qe2 Qxe2+ 27. Bxe2 Rg8 28. g4 Nf6 29. Bf3 Bh7 30. Nf5 Bxf5 31. gxf5 Rg5 32. g4 e4 33. Be2 c5 34. Kc3 Rg8 35. Kd2 Nxg4 36. Bxg4 Rxg4 37. Ke3 Rg3+ 38. Kxe4 Rxb3 39. Ke5 Rxa3 40. Kf6 Rf3 41. Re1 Kd8 42. Re7 Rxf5+ 0-1

[Event "BCF-ch U120"]
[Site "Coventry"]
[Date "2015.08.04"]
[Round "2"]
[White "Malam, Joel D"]
[Black "Daly, Grant"]
[Result "1-0"]
[WhiteElo "103"]
[BlackElo "109"]
[PlyCount "67"]
[EventDate "2015.08.03"]
[EventType "swiss"]
[EventRounds "5"]
[EventCountry "ENG"]
[SourceTitle "CBM 167 Extra"]
[Source "ChessBase"]
[SourceDate "2015.09.14"]
[SourceVersion "1"]
[SourceVersionDate "2015.09.14"]
[SourceQuality "1"]

1. d4 d5 2. c4 c6 3. Nc3 Nf6 4. Qc2 Nbd7 5. cxd5 cxd5 6. Bg5 e6 7. e3 Be7 8. Bd3 h6 9. Bf4 a6 10. h3 0-0 11. Nf3 Nb6 12. b3 Bd6 13. Bh2 Re8 14. Bxd6 Qxd6 15. Ne5 Nfd7 16. f4 Nxe5 17. fxe5 Qe7 18. 0-0 Nd7 19. Rf3 f5 20. Raf1 b5 21. Ne2 Bb7 22. Nf4 Nf8 23. Kh2 Nh7 24. Rg3 Rac8 25. Qe2 Rc3 26. Nh5 g5 27. Rgf3 Rf8 28. g4 Bc8 29. Qd2 b4 30. gxf5 exf5 31. Bxf5 Bxf5 32. Rxf5 Qe8 33. Rxf8+ Nxf8 34. Nf6+ 1-0

[Event "BCF-ch U120"]
[Site "Coventry"]
[Date "2015.08.03"]
[Round "1"]
[White "Daly, Grant"]
[Black "Marshall, Graham R"]
[Result "1-0"]
[WhiteElo "109"]
[BlackElo "101"]
[PlyCount "89"]
[EventDate "2015.08.03"]
[EventType "swiss"]
[EventRounds "5"]
[EventCountry "ENG"]
[SourceTitle "CBM 167 Extra"]
[Source "ChessBase"]
[SourceDate "2015.09.14"]
[SourceVersion "1"]
[SourceVersionDate "2015.09.14"]
[SourceQuality "1"]

1. d4 d5 2. c4 dxc4 3. e3 e6 4. Bxc4 Nf6 5. Nf3 Bd6 6. 0-0 0-0 7. Nc3 b6 8. b3 Bb7 9. Bb2 Nbd7 10. Rc1 Ng4 11. e4 Bf4 12. Rc2 Qf6 13. h3 Nh6 14. Re1 Qg6 15. Bc1 Bd6 16. e5 Bb4 17. Bd3 f5 18. exf6 Qxf6 19. Be2 Nf5 20. Rf1 Nd6 21. a3 Bxc3 22. Rxc3 Nb5 23. Bxb5 Bxf3 24. Rxf3 Qe7 25. Re1 Rxf3 26. Qxf3 Rf8 27. Qe4 e5 28. Bxd7 Qxd7 29. Qxe5 Kh8 30. Qe7 Qf5 31. Qe3 c6 32. b4 Qc8 33. Bb2 Qf5 34. Bc1 Qc8 35. Bd2 Qf5 36. Qf4 Qc8 37. Qe5 Qa8 38. Bh6 Rg8 39. Re3 Qc8 40. Rg3 Qd7 41. Rf3 Re8 42. Bxg7+ Kg8 43. Qf4 Kxg7 44. Qf6+ Kg8 45. Rg3+ 1-0

[Event "BCF-ch Yates op"]
[Site "Coventry"]
[Date "2015.08.02"]
[Round "4"]
[White "Sartain, Patrick"]
[Black "Daly, Grant"]
[Result "1-0"]
[WhiteElo "122"]
[BlackElo "109"]
[PlyCount "83"]
[EventDate "2015.07.31"]
[EventType "swiss"]
[EventRounds "5"]
[EventCountry "ENG"]
[SourceTitle "CBM 167 Extra"]
[Source "ChessBase"]
[SourceDate "2015.09.14"]
[SourceVersion "1"]
[SourceVersionDate "2015.09.14"]
[SourceQuality "1"]

1. e4 c5 2. f4 d6 3. Nf3 Nf6 4. Nc3 a6 5. Be2 e6 6. 0-0 Be7 7. b3 b5 8. e5 dxe5 9. fxe5 Nd5 10. Ne4 Nf4 11. d3 Nxe2+ 12. Qxe2 0-0 13. Neg5 Bb7 14. Ne4 Nc6 15. Kh1 Nd4 16. Nxd4 Qxd4 17. Bf4 Bxe4 18. dxe4 Qd7 19. Rad1 Qc6 20. Rd3 Rfd8 21. Rh3 Rd4 22. Re3 Rad8 23. Qf3 c4 24. Bg5 Qe8 25. Bf4 cxb3 26. cxb3 Qd7 27. Ree1 Rd3 28. Qg4 Qd4 29. Qh5 g6 30. Qe2 Bb4 31. Rc1 Bd2 32. Bxd2 Rxd2 33. Qf3 Qd7 34. h3 Rxa2 35. Rcd1 Rd2 36. Rxd2 Qxd2 37. Qxf7+ Kh8 38. Qf6+ Kg8 39. Qxe6+ Kh8 40. Qe7 Rg8 41. Rf7 Qh6 42. Qf6+ 1-0

[Event "BCF-ch Yates op"]
[Site "Coventry"]
[Date "2015.08.01"]
[Round "2"]
[White "Daly, Grant"]
[Black "Crockett, Stephen J"]
[Result "0-1"]
[WhiteElo "109"]
[BlackElo "1511"]
[PlyCount "32"]
[EventDate "2015.07.31"]
[EventType "swiss"]
[EventRounds "5"]
[EventCountry "ENG"]
[SourceTitle "CBM 167 Extra"]
[Source "ChessBase"]
[SourceDate "2015.09.14"]
[SourceVersion "1"]
[SourceVersionDate "2015.09.14"]
[SourceQuality "1"]

1. d4 Nf6 2. c4 c5 3. d5 b5 4. cxb5 a6 5. bxa6 Bxa6 6. e3 Bxf1 7. Kxf1 d6 8. Ne2 g6 9. b3 Bg7 10. Bb2 0-0 11. Nd2 Na6 12. e4 Nb4 13. a3 Nd3 14. Bc3 Ng4 15. f3 Ne3+ 16. Kg1 Nxd1 0-1